|
|
|
|
| LEADER |
01130nab a2200253 i 4500 |
| 001 |
acta77917 |
| 005 |
20221215142354.0 |
| 008 |
221215s2022 hu o 0|| hun d |
| 022 |
|
|
|a 2786-3484
|
| 024 |
7 |
|
|a 10.14232/kapocs.2022.1.174-176
|2 doi
|
| 040 |
|
|
|a SZTE Egyetemi Kiadványok Repozitórium
|b hun
|
| 041 |
|
|
|a hun
|
| 100 |
1 |
|
|a Holczer Szilvia
|
| 245 |
1 |
0 |
|a Innováció, inspiráció és jó gyakorlatok könyvtárosoknak
|h [elektronikus dokumentum] /
|c Holczer Szilvia
|
| 260 |
|
|
|a Szegedi Tudományegyetem Juhász Gyula Pedagógusképző Kar
|b Szeged
|c 2022
|
| 300 |
|
|
|a 174-176
|
| 490 |
0 |
|
|a Közösségi Kapcsolódások – tanulmányok kultúráról és oktatásról
|v 2 No. 1
|
| 650 |
|
4 |
|a Társadalomtudományok
|
| 650 |
|
4 |
|a Oktatástudomány
|
| 650 |
|
4 |
|a Média és kommunikáció
|
| 695 |
|
|
|a Könyvtárpedagógia - módszertan - könyvismertetés, Könyvtárhasználat - könyvismertetés, Művészetterápia - irodalom - könyvismertetés
|
| 700 |
0 |
1 |
|a Luzsi Margó
|
| 700 |
0 |
2 |
|a Komló-Szabó Ágnes
|
| 856 |
4 |
0 |
|u http://acta.bibl.u-szeged.hu/77917/1/kozossegi_kapcsolodasok_2022_001_174-176.pdf
|z Dokumentum-elérés
|